000 00351nam a2200145Ia 4500
008 191201s2009 xx 000 0 und d
082 _a658.4012
_bSIE
100 _aSINGH ,S.P
245 0 _aEncyclopedia Dictionary of Corporate Strategy
250 _a1st
260 _aN.Delhi
_bAITBS Pub.
_c2009
300 _a255
650 _aBBA
942 _2ddc
_cBK
999 _c4861
_d4861